La selva de fuego /

En un campamento chiclero de la selva amazónica sólo trabajan varones. Cuando llega al lugar una mujer, única sobreviviente de un naufragio, todos los hombres la desean, pero sale a su defensa el capataz, quien, por haber sufrido una decepción amorosa cree ser inmune al amor y al deseo.

محفوظ في:
التفاصيل البيبلوغرافية
المؤلف الرئيسي: Fuentes, Fernando de (realización)
مؤلفون آخرون: Davison, Tito (guión) (guión), Martínez Solares, Agustín (fotógrafo) (fotógrafo), Río, Dolores del (actuación) (actuación), Córdova, Arturo de (actuación) (actuación), Beristáin, Luis (actuación) (actuación)
التنسيق: شريحة
اللغة:الإسبانية
منشور في: México : Dyana, 1945
سلاسل:(Grandes Idolos. Dolores del Río)
الموضوعات:
الوسوم: إضافة وسم
لا توجد وسوم, كن أول من يضع وسما على هذه التسجيلة!

MARC

LEADER 00000ngm^a2200000^a^4500
001 000140453
005 20250521000000.0
009 20260310095540.156
037 |a Acervo ITESO - Biblioteca 
041 |a ESP 
082 |a 860.  |b DOL V. 1 
100 |a Fuentes, Fernando de  |e (realización) 
240 1 4 |a [La selva de fuego] 
245 1 3 |a La selva de fuego /  |c Realización de F. de Fuentes. 
264 1 |a México :  |b Dyana,  |c 1945 
264 2 |a México :  |b Mexcinema Video [distribución],  |c fecha no identificada 
300 |a 1 videocasete VHS (96 min.) :  |b blanco y negro 
336 |a imagen móvil bidimensional  |b tdi  |2 rdacontenido 
337 |a video  |b v  |2 rdamedio 
338 |a videocasete  |b vf  |2 rdasoporte 
440 1 |a (Grandes Idolos.  |p Dolores del Río) 
520 |a En un campamento chiclero de la selva amazónica sólo trabajan varones. Cuando llega al lugar una mujer, única sobreviviente de un naufragio, todos los hombres la desean, pero sale a su defensa el capataz, quien, por haber sufrido una decepción amorosa cree ser inmune al amor y al deseo. 
585 |a Festival Internacional de Cine de Venecia (8º: 1947): Participante mexicana, sección oficial a concurso 
649 |a XX 
650 |a Mujeres en el Cine 
650 |a Melodramas 
650 |a Dramas Cinematográficos 
650 |a Cine Mexicano -  |y 1940-1949 
650 |a Machismo 
650 |a Relaciones Intergénero 
650 |a Pasión Amorosa 
650 |a Amor 
650 |a Deseo Sexual 
650 |a Sexualidad 
650 |a Naturaleza y Civilización -  |x Tema Principal 
650 |a Selvas en el Cine 
700 |a Davison, Tito  |e (guión) 
700 |a Martínez Solares, Agustín  |e (fotógrafo) 
700 |a Río, Dolores del  |e (actuación) 
700 |a Córdova, Arturo de  |e (actuación) 
700 |a Beristáin, Luis  |e (actuación) 
910 |a Fondo General 
920 |a Audiovisuales - Videocasetes 
940 |a Películas 
905 |a 301 
901 |a 0500066489  |b IT2  |c VIS  |u 20250521 
902 |a https://opac.biblio.iteso.mx/vufind/Record/000140453